[Event "11. Lichtenberger Sommer"]
[Site "Berlin"]
[Date "2012.08.20"]
[Round "3.102"]
[White "Jiranek, Benno"]
[Black "Bastian, Reinhard"]
[Result "0-1"]
[WhiteElo "1442"]
[BlackElo "1620"]
[PlyCount "88"]
[EventDate "2012.??.??"]
[WhiteTeam "SC Kreuzberg e.V."]
[BlackTeam "vereinslos"]

1. d4 e6 2. c4 f5 3. g3 Nf6 4. Nf3 d5 5. e3 c6 6. Be2 Bd6 7. O-O O-O 8. Nbd2
Ne4 9. Nb3 Nd7 10. Nfd2 b6 11. Nxe4 fxe4 12. cxd5 cxd5 13. f4 Nf6 14. Bd2 Qe8
15. Rf2 h5 16. g4 hxg4 17. Rg2 Qf7 18. Bxg4 Nxg4 19. Qxg4 e5 20. Qg6 Qxg6 21.
Rxg6 Rf6 22. Rg5 exf4 23. exf4 Bb7 24. Rf1 Raf8 25. Rg4 Ba6 26. Rf2 Re8 27. Be3
Bb4 28. Rfg2 Re7 29. a3 Bd6 30. Nc1 Ref7 31. Rf2 Bc8 32. Rh4 Rg6+ 33. Rg2 Rff6
34. Ne2 Rxg2+ 35. Kxg2 Rg6+ 36. Kh1 Bg4 37. Ng3 Be7 38. f5 Bf3+ 39. Kg1 Rc6 40.
Rf4 Rc2 41. Bf2 Bg5 42. f6 Bxf4 43. fxg7 Bxg3 44. hxg3 Rxb2 0-1

[Event "11. Lichtenberger Sommer"]
[Site "Berlin"]
[Date "2012.08.20"]
[Round "3.103"]
[White "Hesselbarth, Karlheinz"]
[Black "Toth, Hans-Jürgen"]
[Result "0-1"]
[WhiteElo "1793"]
[BlackElo "1638"]
[PlyCount "111"]
[EventDate "2012.??.??"]
[WhiteTeam "SC Zugzwang 95 e.V."]
[BlackTeam "Schachfreunde Zehdenick 76 e.V."]

1. d4 f5 2. g3 Nf6 3. Bg2 c6 4. c4 e6 5. Nf3 d5 6. Nbd2 Nbd7 7. O-O Bd6 8. Qc2
O-O 9. b3 Qe8 10. Bb2 Ne4 11. Ne5 Nxe5 12. dxe5 Bc7 13. Rad1 Bd7 14. cxd5 exd5
15. Nf3 Be6 16. e3 Qe7 17. Ne1 Rae8 18. Nd3 Bc8 19. f3 Ng5 20. h4 Nf7 21. f4
Nh6 22. Nf2 Be6 23. Bf3 Bf7 24. Qc3 Be6 25. Nd3 Bb6 26. Kf2 Ng4+ 27. Bxg4 fxg4
28. b4 g5 29. Rh1 Qg7 30. hxg5 Qxg5 31. Nc5 Bxc5 32. bxc5 Re7 33. Rh4 Rg7 34.
Ke2 Qf5 35. Qd4 Qg6 36. Kf2 Bf5 37. e6 Bxe6 38. Qxg7+ Qxg7 39. Bxg7 Kxg7 40.
Rdh1 Rh8 41. Rb1 Rb8 42. Rh5 Kg6 43. Rbh1 Rh8 44. Rh6+ Kf5 45. R1h5+ Ke4 46.
Rxe6+ Kd3 47. Re7 Kc4 48. Rxb7 Kxc5 49. Rxa7 Rb8 50. Rhxh7 Rb1 51. Ke2 Kc4 52.
Rhb7 Rh1 53. Ra4+ Kc3 54. e4 d4 55. Rb3+ Kc2 56. Rc4# 0-1

[Event "11. Lichtenberger Sommer"]
[Site "Berlin"]
[Date "2012.08.20"]
[Round "3.104"]
[White "Geist, Wolfgang"]
[Black "Pöltelt, Helmut"]
[Result "0-1"]
[WhiteElo "1306"]
[BlackElo "1732"]
[PlyCount "104"]
[EventDate "2012.??.??"]
[WhiteTeam "SSV 90 Artern"]
[BlackTeam "SC Rochade e.V."]

1. d4 Nf6 2. Nf3 g6 3. Nbd2 d5 4. e3 Bg7 5. g3 O-O 6. Bg2 Bf5 7. O-O Qc8 8. c3
Nbd7 9. Re1 Re8 10. Nh4 Bg4 11. f3 Be6 12. f4 Bg4 13. Nhf3 Ne4 14. Qb3 Nxd2 15.
Bxd2 Nb6 16. Ne5 Be6 17. Qd1 c6 18. b3 f6 19. Nd3 Bg4 20. Qc1 Bf5 21. Nf2 e5
22. e4 dxe4 23. Nxe4 exd4 24. Nd6 Rxe1+ 25. Qxe1 Qd7 26. Nxf5 Qxf5 27. cxd4 Qd7
28. Bc3 Re8 29. Qf2 f5 30. Rd1 Nd5 31. Bxd5+ Qxd5 32. Qg2 Re4 33. Qd2 Kf7 34.
Qd3 Bf6 35. Qc4 Ke6 36. Qxd5+ Kxd5 37. Kf2 Bxd4+ 38. Kf1 c5 39. a3 Kc6 40. Bd2
Bb2 41. a4 Rd4 42. Ke2 Re4+ 43. Kd3 a6 44. Kc2 Bd4 45. h3 h5 46. Re1 Bf2 47.
Rf1 Bxg3 48. Rf3 Be1 49. Kd3 Rd4+ 50. Ke2 Bxd2 51. Rg3 Rd6 52. Rf3 b5 0-1

[Event "11. Lichtenberger Sommer"]
[Site "Berlin"]
[Date "2012.08.20"]
[Round "3.105"]
[White "Krawatzki, Armin"]
[Black "Fontaine, Constantin"]
[Result "1-0"]
[WhiteElo "1752"]
[BlackElo "1343"]
[PlyCount "65"]
[EventDate "2012.??.??"]
[WhiteTeam "SVG Läufer Reinickendorf e.V."]
[BlackTeam "SK Tempelhof 1931 e.V."]

1. Nf3 g6 2. d4 Bg7 3. e4 Nf6 4. e5 Nd5 5. c4 Nb6 6. Nc3 d5 7. c5 Nc4 8. Bxc4
dxc4 9. Qa4+ Nc6 10. d5 Bg4 11. dxc6 O-O 12. cxb7 Rb8 13. Qc6 Bd7 14. Qe4 Bf5
15. Qc6 Bd7 16. Qd5 c6 17. Qxc4 Rxb7 18. O-O Be6 19. Qa6 Qc7 20. Qe2 Rb4 21. b3
Qa5 22. Bb2 Qxc5 23. Rac1 Bh6 24. Ba3 Bxc1 25. Bxb4 Qxb4 26. Rxc1 Kh8 27. Qd2
Qg4 28. Qh6 Rg8 29. Ng5 Rg7 30. h3 Qf4 31. Rd1 Bxh3 32. Rd8+ Rg8 33. Qxh7# 1-0

[Event "11. Lichtenberger Sommer"]
[Site "Berlin"]
[Date "2012.08.20"]
[Round "3.106"]
[White "Lämmel, Claus-Peter"]
[Black "Stiemerling, Karl-Heinz"]
[Result "1-0"]
[WhiteElo "1580"]
[BlackElo "1650"]
[PlyCount "67"]
[EventDate "2012.??.??"]
[WhiteTeam "SV Cranzahl 1962"]
[BlackTeam "vereinslos"]

1. f4 d5 2. d4 Bf5 3. Nf3 f6 4. e3 e6 5. a3 c5 6. Nc3 a6 7. Nh4 cxd4 8. exd4
Bg6 9. Nxg6 hxg6 10. Qg4 Kf7 11. Bd3 f5 12. Qf3 Qh4+ 13. g3 Qh3 14. Bd2 Bd6 15.
O-O-O Nc6 16. Be3 Nf6 17. Na4 Ne4 18. Nb6 Rad8 19. c4 Bc7 20. Na4 dxc4 21. Bxc4
b5 22. Bxe6+ Kxe6 23. Nc5+ Kd5 24. Nxa6 Bb6 25. Kb1 Ra8 26. Nc5 Rhd8 27. Rhg1
Qh5 28. g4 Qxh2 29. gxf5 gxf5 30. Rg5 Qh7 31. Qxe4+ Kd6 32. Qe6+ Kc7 33. Qf7+
Kc8 34. Qb7# 1-0

[Event "11. Lichtenberger Sommer"]
[Site "Berlin"]
[Date "2012.08.20"]
[Round "3.107"]
[White "Reichert, Lutz"]
[Black "Stark, Steven"]
[Result "1-0"]
[WhiteElo "1733"]
[BlackElo "1569"]
[PlyCount "107"]
[EventDate "2012.??.??"]
[WhiteTeam "Schwarz-Weiß Neukölln e.V."]
[BlackTeam "BSC Rehberge 1945 e.V."]

1. g3 e6 2. c4 c6 3. Nf3 a5 4. Nc3 Qb6 5. Bg2 Nf6 6. O-O Be7 7. d3 Na6 8. Rb1
d6 9. a3 Bd7 10. Be3 Qc7 11. b4 b6 12. b5 Nc5 13. Nd4 O-O 14. bxc6 Be8 15. Ndb5
Qc8 16. d4 Bxc6 17. Bxc6 Qxc6 18. dxc5 dxc5 19. Qc2 Ng4 20. Qe4 Qxe4 21. Nxe4
Ne5 22. Nbd6 f5 23. Bg5 Bxg5 24. Nxg5 h6 25. Nf3 Nd7 26. Rfd1 Ra7 27. Nb5 Rb7
28. Rd6 f4 29. Rbd1 Rf7 30. Rxe6 fxg3 31. Nd6 gxf2+ 32. Kxf2 Nf6 33. Nxb7 Rxb7
34. Rdd6 b5 35. cxb5 c4 36. Rb6 Rf7 37. Rbc6 Rb7 38. a4 Nd5 39. Rxc4 Nb4 40.
Re8+ Kh7 41. Rec8 Nd5 42. Ra8 Nb6 43. Rcc8 Nxa4 44. Rxa5 Nb6 45. Rc6 Nd7 46.
Nd2 Ne5 47. Nc4 Rf7+ 48. Ke1 Nxc6 49. bxc6 Rf4 50. Rc5 Rh4 51. c7 Rxh2 52. c8=Q
Rh1+ 53. Kd2 Ra1 54. Qf5+ 1-0

[Event "11. Lichtenberger Sommer"]
[Site "Berlin"]
[Date "2012.08.20"]
[Round "3.108"]
[White "Mühlhan, Klaus"]
[Black "Kapp, Frank"]
[Result "0-1"]
[WhiteElo "2042"]
[BlackElo "1887"]
[PlyCount "138"]
[EventDate "2012.??.??"]
[WhiteTeam "SC Empor Potsdam 1952 e.V."]
[BlackTeam "TSV IFA Chemnitz"]

1. e4 e6 2. d4 d5 3. Nc3 Nf6 4. Bg5 Bb4 5. e5 h6 6. Be3 Ne4 7. Qg4 Kf8 8. a3
Bxc3+ 9. bxc3 Nxc3 10. Bd2 Na4 11. Nf3 Nd7 12. Be2 a5 13. O-O Nab6 14. Be3 c6
15. Nd2 c5 16. c3 Na4 17. Rfc1 c4 18. Rab1 Qe7 19. Bd1 Ndb6 20. Ra1 Bd7 21. Ra2
Bc6 22. f4 g6 23. Nf1 Ke8 24. Bd2 Kd7 25. Ne3 Kc7 26. Rb1 Nd7 27. Bc2 Nab6 28.
a4 Rag8 29. Bc1 f5 30. exf6 Nxf6 31. Qd1 Nbd7 32. Ba3 Qf7 33. Qe2 Nh5 34. g3
Ng7 35. Rf1 h5 36. Ng2 Nf5 37. Re1 Re8 38. Qf2 Rhg8 39. Re2 Nb6 40. Bc1 Qd7 41.
Ne1 Bxa4 42. Nf3 Bxc2 43. Rexc2 Ra8 44. Ba3 Na4 45. Qe1 b5 46. Re2 Rae8 47. Ra1
Kb6 48. Rb1 Ka6 49. Ng5 Ng7 50. Ra2 Nf5 51. Rba1 Nd6 52. Re2 Rg7 53. Qd2 Nb6
54. Rae1 Rge7 55. Nf3 Ne4 56. Qc2 Rg7 57. Rb1 Na4 58. Bb2 Nxb2 59. Qxb2 Rb8 60.
Qa3 Qe7 61. Qc1 b4 62. cxb4 Rxb4 63. Ra1 Qb7 64. Ne1 Qb6 65. Qe3 Rb3 66. Qc1
Qxd4+ 67. Kg2 Rgb7 68. Nf3 Qd3 69. Ng1 Rb1 0-1

[Event "11. Lichtenberger Sommer"]
[Site "Berlin"]
[Date "2012.08.20"]
[Round "3.109"]
[White "Remboldt, Viktor"]
[Black "Schulz, Martin"]
[Result "1-0"]
[WhiteElo "1802"]
[BlackElo "1648"]
[PlyCount "57"]
[EventDate "2012.??.??"]
[WhiteTeam "Bille SC von 1924 e.V."]
[BlackTeam "KSC Strausberg Abt. Schach"]

1. e4 e5 2. Nf3 Nf6 3. Nc3 d5 4. exd5 Nxd5 5. Bc4 Nxc3 6. bxc3 Bd6 7. Qe2 Bg4
8. O-O O-O 9. Qe4 Bxf3 10. Qxf3 c6 11. d3 Nd7 12. Qg4 Nf6 13. Qf3 Qd7 14. Bg5
Be7 15. Qg3 e4 16. Rfe1 Bd6 17. Qh4 Nd5 18. dxe4 Ne7 19. e5 Ng6 20. Qd4 Qf5 21.
e6 Bxh2+ 22. Kxh2 Qxg5 23. exf7+ Kh8 24. Rad1 Nf4 25. Qe4 Qh4+ 26. Kg1 Qg5 27.
g3 Nh3+ 28. Kg2 Nf4+ 29. Qxf4 1-0

[Event "11. Lichtenberger Sommer"]
[Site "Berlin"]
[Date "2012.08.20"]
[Round "3.110"]
[White "Vural, Argun"]
[Black "Mildenberger, Hans"]
[Result "1-0"]
[WhiteElo "1232"]
[BlackElo "1626"]
[PlyCount "65"]
[EventDate "2012.??.??"]
[WhiteTeam "SV Empor Berlin e.V."]
[BlackTeam "SG BVG Helmholtz 55"]

1. e4 e6 2. b3 d5 3. Bb2 dxe4 4. Nc3 Nf6 5. Qe2 Nc6 6. Nxe4 Be7 7. Qf3 a6 8.
Nxf6+ Bxf6 9. Bxf6 gxf6 10. Ne2 e5 11. g3 h5 12. Nc3 Nd4 13. Qd3 f5 14. O-O-O
c6 15. Ne2 c5 16. Re1 Nxe2+ 17. Qxe2 f6 18. f4 Qd4 19. c3 Qd5 20. Bg2 e4 21. d3
Kf8 22. dxe4 fxe4 23. Bxe4 Qe6 24. Bf3 Qxe2 25. Rxe2 Rb8 26. Rhe1 Bf5 27. Re7
b6 28. c4 Rd8 29. Bd5 Bg6 30. Rb7 a5 31. Ree7 Re8 32. Rxe8+ Kxe8 33. Rb8+ 1-0

[Event "11. Lichtenberger Sommer"]
[Site "Berlin"]
[Date "2012.08.20"]
[Round "3.111"]
[White "Hubbe, Bernd"]
[Black "Duric, Rajko"]
[Result "0-1"]
[WhiteElo "1409"]
[BlackElo "1771"]
[PlyCount "88"]
[EventDate "2012.??.??"]
[WhiteTeam "SC Rotation Pankow e.V."]
[BlackTeam "SC Kreuzberg e.V."]

1. d4 Nf6 2. c4 d6 3. e3 c6 4. Bd3 Nbd7 5. Nf3 e5 6. Nc3 Qa5 7. Bd2 Qc7 8. e4
exd4 9. Nxd4 Ne5 10. Be2 Qb6 11. Bc1 Bg4 12. b3 h5 13. Be3 Bxe2 14. Ndxe2 Qc7
15. h3 O-O-O 16. O-O Be7 17. Rc1 Qd7 18. Bxa7 g5 19. Na4 Qe6 20. Qd2 Ned7 21.
Qa5 Nxe4 22. Bb6 Nxb6 23. Nxb6+ Kc7 24. Nd5+ Kd7 25. Nc7 Qe5 26. c5 Rc8 27. Nb5
cxb5 28. Qxb5+ Ke6 29. Qc4+ d5 30. Nd4+ Kf6 31. Qb4 Bxc5 32. Rxc5 Rxc5 33. Qb6+
Qd6 34. Qxb7 Rhc8 35. Ne2 Rc2 36. Ng3 Rc1 37. Nxh5+ Kg6 38. Ng3 Nxg3 39. fxg3
Rxf1+ 40. Kxf1 Rc1+ 41. Kf2 Qf6+ 42. Ke3 Qc3+ 43. Kf2 Qd2+ 44. Kf3 Rf1+ 0-1

[Event "11. Lichtenberger Sommer"]
[Site "Berlin"]
[Date "2012.08.20"]
[Round "3.112"]
[White "Theilig, Reinhard"]
[Black "Heyne, Klaus"]
[Result "1-0"]
[WhiteElo "1722"]
[BlackElo "1464"]
[PlyCount "35"]
[EventDate "2012.??.??"]
[WhiteTeam "VfB Hermsdorf e.V."]
[BlackTeam "SV Berolina Mitte e.V."]

1. Nf3 Nf6 2. c4 d6 3. d4 e6 4. Nc3 Be7 5. g3 O-O 6. Bg2 Nbd7 7. O-O h6 8. Qc2
Rb8 9. Re1 b6 10. e4 Bb7 11. Bf4 Rc8 12. Rad1 c5 13. dxc5 bxc5 14. Bxd6 Bxd6
15. Rxd6 Rc6 16. Rdd1 Qc7 17. e5 Ng4 18. Nb5 1-0

[Event "11. Lichtenberger Sommer"]
[Site "Berlin"]
[Date "2012.08.20"]
[Round "3.113"]
[White "Ziegel, Mandy Marie"]
[Black "Korb, Viktor"]
[Result "0-1"]
[WhiteElo "853"]
[BlackElo "1629"]
[PlyCount "116"]
[EventDate "2012.??.??"]
[WhiteTeam "Schachclub Oranienburg e.V."]
[BlackTeam "SF Siemensstadt"]

1. d4 Nf6 2. c4 g6 3. Nc3 Bg7 4. e4 d6 5. Nf3 O-O 6. Bf4 Nbd7 7. Be2 c5 8. d5
a6 9. O-O Nh5 10. Be3 Qc7 11. Qd2 Re8 12. Bh6 Nf8 13. h3 b6 14. Rfe1 Bb7 15.
Nh2 Nf6 16. Bg4 Bc8 17. Bf3 Bd7 18. Re2 b5 19. cxb5 axb5 20. Nd1 e6 21. Ne3
Bxh6 22. Qc3 Bg7 23. Qc2 Ra6 24. b4 Nxe4 25. Rc1 Nc3 26. Rd2 Rxa2 27. Qxa2 Nxa2
28. Rxa2 c4 29. g4 e5 30. Kg2 f5 31. Nc2 e4 32. Be2 f4 33. f3 e3 34. Ra5 Qb7
35. Rd1 Ra8 36. Rxa8 Qxa8 37. h4 Qa2 38. Rc1 Bc3 39. Bd1 e2 40. Bxe2 Bd2 41.
Rd1 Qxc2 42. Kf1 Be8 43. Kf2 Nd7 44. Nf1 Be3+ 45. Nxe3 fxe3+ 46. Kxe3 Qc3+ 47.
Kf2 Qxb4 48. g5 Ne5 49. Kg3 Qb2 50. Re1 Qc3 51. Rf1 Nd3 52. Kg2 Nf4+ 53. Kf2
Qd2 54. Re1 Nh3+ 55. Kf1 Qe3 56. Kg2 Qf2+ 57. Kh1 Qxe1+ 58. Kg2 Qg1+ 0-1

[Event "11. Lichtenberger Sommer"]
[Site "Berlin"]
[Date "2012.08.21"]
[Round "4.1"]
[White "Colpe, Malte"]
[Black "Stern, Rene"]
[Result "1-0"]
[WhiteElo "2290"]
[BlackElo "2529"]
[PlyCount "53"]
[EventDate "2012.??.??"]
[WhiteTeam "Hamburger SK von 1830 eV"]
[BlackTeam "SK König Tegel 1949 e.V."]

1. d4 Nf6 2. c4 e6 3. Nc3 d5 4. cxd5 exd5 5. Bg5 c6 6. e3 Be7 7. Bd3 O-O 8. Qc2
Nbd7 9. Nf3 Re8 10. h3 Ne4 11. Bf4 Ndf6 12. O-O g6 13. Ne5 Nd6 14. b4 Nfe4 15.
Rab1 Bf5 16. Na4 Nb5 17. Rb3 f6 18. Ng4 Bxg4 19. hxg4 Bd6 20. Bxe4 Rxe4 21. Nc5
Bxc5 22. bxc5 Nxd4 23. exd4 Rxf4 24. Rxb7 Qc8 25. Qb3 Qxg4 26. Rc7 Rc8 27. Rxa7
1-0

[Event "11. Lichtenberger Sommer"]
[Site "Berlin"]
[Date "2012.08.21"]
[Round "4.2"]
[White "Teske, Henrik"]
[Black "Dauth, Benjamin"]
[Result "1-0"]
[WhiteElo "2537"]
[BlackElo "2322"]
[PlyCount "101"]
[EventDate "2012.??.??"]
[WhiteTeam "SC 1950 Remagen"]
[BlackTeam "SC Rotation Pankow e.V."]

1. d4 Nf6 2. Nf3 g6 3. Bg5 Bg7 4. Nbd2 d5 5. e3 O-O 6. Bd3 Nbd7 7. O-O c5 8. c3
Re8 9. Re1 e5 10. e4 cxd4 11. cxd4 dxe4 12. Nxe4 exd4 13. Nxd4 Qb6 14. Bxf6
Bxf6 15. Nb5 Re5 16. Nbd6 Rd5 17. Rc1 Rxd6 18. Nxd6 Qxd6 19. Re8+ Kg7 20. Rexc8
Rxc8 21. Rxc8 Bxb2 22. Be2 Qe5 23. Rd8 Nf6 24. Qd6 Qxd6 25. Rxd6 Ba3 26. Rd8
Bc5 27. Rc8 b6 28. Rc7 Ne4 29. Bc4 Nd6 30. Ba6 Ne4 31. Kf1 h5 32. f3 Nd6 33.
Rxa7 Nf5 34. g3 Ne3+ 35. Ke2 Kf6 36. Bd3 Ke6 37. Bb5 f5 38. Be8 Kf6 39. Rf7+
Ke6 40. Ra7 Kf6 41. Rf7+ Ke6 42. Rh7 Kf6 43. f4 Nd5 44. Bf7 Nc3+ 45. Kd3 Ne4
46. Bd5 Nd6 47. h4 Bf2 48. Rd7 Bc5 49. Kc2 Ba3 50. Kb3 Bc5 51. a4 1-0

[Event "11. Lichtenberger Sommer"]
[Site "Berlin"]
[Date "2012.08.21"]
[Round "4.3"]
[White "Siebarth, Raiko"]
[Black "Rabiega, Robert"]
[Result "0-1"]
[WhiteElo "2240"]
[BlackElo "2505"]
[PlyCount "96"]
[EventDate "2012.??.??"]
[WhiteTeam "SG Blau-Weiß Stadtilm"]
[BlackTeam "SK König Tegel 1949 e.V."]

1. e4 e5 2. Nf3 Nc6 3. Bc4 Nf6 4. d3 Bc5 5. Nc3 d6 6. Be3 O-O 7. h3 Bxe3 8.
fxe3 Na5 9. Bb3 c6 10. O-O Re8 11. Qe1 d5 12. exd5 Nxb3 13. axb3 Nxd5 14. e4
Nf4 15. Ne2 Nxe2+ 16. Qxe2 f6 17. Qf2 a6 18. Nd2 Be6 19. Nc4 Qe7 20. Kh2 Rad8
21. Qg3 Kh8 22. Ne3 c5 23. Qh4 Rd6 24. Ra5 b5 25. Rfa1 Qb7 26. Qf2 h6 27. Nd5
Bxd5 28. exd5 Qxd5 29. Rxa6 Rxa6 30. Rxa6 e4 31. dxe4 Rxe4 32. Qg3 Re5 33. Qg6
Rg5 34. Qe8+ Kh7 35. Qe2 c4 36. bxc4 bxc4 37. Ra1 Re5 38. Qg4 h5 39. Qd1 Qe4
40. c3 Qf4+ 41. Kg1 Qe3+ 42. Kh2 Qf2 43. b4 cxb3 44. Qxb3 Rg5 45. Rg1 h4 46.
Qb1+ f5 47. Qc1 Rg3 48. Qd1 Rxh3+ 0-1

[Event "11. Lichtenberger Sommer"]
[Site "Berlin"]
[Date "2012.08.21"]
[Round "4.5"]
[White "Schulz, Michael"]
[Black "Meister, Jakob"]
[Result "0-1"]
[WhiteElo "2239"]
[BlackElo "2479"]
[PlyCount "100"]
[EventDate "2012.??.??"]
[WhiteTeam "SC Empor Potsdam 1952 e.V."]
[BlackTeam "SK Zehlendorf e.V."]

1. d4 d5 2. Bf4 Nf6 3. e3 g6 4. h3 Bg7 5. c4 O-O 6. Nc3 c5 7. Nf3 cxd4 8. exd4
Nc6 9. Be2 dxc4 10. Bxc4 Na5 11. Be2 Be6 12. O-O Nd5 13. Be5 Bh6 14. Nh2 Nxc3
15. bxc3 Rc8 16. Bf3 f6 17. Bg3 Bd5 18. Ng4 Bg7 19. Bxd5+ Qxd5 20. Re1 Rfe8 21.
Ne3 Qd7 22. Rc1 Bh6 23. Qf3 Nc4 24. Rc2 Bxe3 25. fxe3 Rc6 26. e4 Rec8 27. e5
Nb6 28. Kh2 Nd5 29. exf6 exf6 30. Rec1 Rc4 31. a3 b5 32. h4 Kf7 33. h5 Qf5 34.
Qxf5 gxf5 35. Rf2 Rxc3 36. Rb1 Ne3 37. Rf4 a6 38. a4 Rc1 39. Rxc1 Rxc1 40. axb5
axb5 41. Bf2 Ng4+ 42. Kh3 Rh1+ 43. Kg3 Rf1 44. Rxf5 Nxf2 45. Rxb5 Ne4+ 46. Kh2
Kg7 47. g4 Rd1 48. Rd5 Rd3 49. Rd7+ Kh6 50. d5 Nf2 0-1

[Event "11. Lichtenberger Sommer"]
[Site "Berlin"]
[Date "2012.08.21"]
[Round "4.6"]
[White "Kalinitschew, Sergey"]
[Black "Giemsa, Stephan"]
[Result "1-0"]
[WhiteElo "2458"]
[BlackElo "2261"]
[PlyCount "125"]
[EventDate "2012.??.??"]
[WhiteTeam "SC Kreuzberg e.V."]
[BlackTeam "SK König Tegel 1949 e.V."]

1. c4 Nf6 2. Nc3 d5 3. cxd5 Nxd5 4. g3 g6 5. Bg2 Nxc3 6. bxc3 Bg7 7. Rb1 Nc6 8.
h4 h6 9. Qa4 O-O 10. h5 g5 11. f4 g4 12. e3 e5 13. Ne2 exf4 14. gxf4 Re8 15.
Kf2 Ne7 16. Rxb7 Bxb7 17. Bxb7 Rb8 18. Be4 Nd5 19. Qc2 Nf6 20. Bg2 c5 21. c4
Qd7 22. Ng3 Rb4 23. a3 Qa4 24. Qxa4 Rxa4 25. Bc6 Rxc4 26. Bxe8 Nxe8 27. Nf5 Rc2
28. Ke2 c4 29. Rg1 Bf8 30. Nd4 Ra2 31. Rxg4+ Kh7 32. Nb5 Nf6 33. Rh4 Nd5 34.
Nxa7 Bc5 35. Nb5 Bxe3 36. f5 Bf4 37. Kd1 Kg7 38. Rh3 Kf6 39. Nc3 Nxc3+ 40. Rxc3
Kxf5 41. Rxc4 Bg5 42. Rb4 Bf6 43. Rb7 Ke6 44. Rc7 Be5 45. Rc6+ Bd6 46. Rb6 f5
47. Bb2 f4 48. Ke2 Kd5 49. Bc3 Bf8 50. Ra6 Rxa3 51. Rxa3 Bxa3 52. Kf3 Bf8 53.
Kxf4 Ke6 54. Ke4 Be7 55. Be5 Bg5 56. d4 Bc1 57. d5+ Ke7 58. Kf5 Bd2 59. Kg6 Be3
60. Bg7 Kd6 61. Bxh6 Bd4 62. Bf8+ Kxd5 63. h6 1-0

[Event "11. Lichtenberger Sommer"]
[Site "Berlin"]
[Date "2012.08.21"]
[Round "4.8"]
[White "Martin Alvarez, Inigo"]
[Black "Reichenbach, Werner"]
[Result "1-0"]
[WhiteElo "2292"]
[BlackElo "2283"]
[PlyCount "89"]
[EventDate "2012.??.??"]
[WhiteTeam "Gros Xake Taldea"]
[BlackTeam "Schachclub Oberkrämer"]

1. e4 e6 2. d4 d5 3. Nd2 c5 4. Ngf3 cxd4 5. Nxd4 Nc6 6. Bb5 Bd7 7. Nxc6 Bxc6 8.
Bxc6+ bxc6 9. c4 Nf6 10. Qa4 Qd7 11. e5 Ng8 12. O-O Ne7 13. Nf3 c5 14. Qc2 Ng6
15. cxd5 exd5 16. Re1 Be7 17. Bg5 O-O 18. a3 Rac8 19. Bxe7 Nxe7 20. Rad1 h6 21.
Qd3 a5 22. Qa6 a4 23. e6 fxe6 24. Ne5 Qc7 25. Qxe6+ Kh7 26. Nd7 Rfe8 27. Nf6+
gxf6 28. Qf7+ Kh8 29. Qxf6+ Kg8 30. Re3 Nf5 31. Qxf5 Rxe3 32. fxe3 Rb8 33. Rxd5
Qf7 34. Qxf7+ Kxf7 35. Rxc5 Rxb2 36. Rc4 Rb3 37. Rxa4 Rxe3 38. Kf2 Rb3 39. Ra6
Kg7 40. a4 Ra3 41. a5 Kh7 42. g4 Kg7 43. Ra8 Kg6 44. h4 Kg7 45. a6 1-0

[Event "11. Lichtenberger Sommer"]
[Site "Berlin"]
[Date "2012.08.21"]
[Round "4.9"]
[White "Bruchmann, Stephan"]
[Black "Kollars, Dmitrij"]
[Result "1-0"]
[WhiteElo "2315"]
[BlackElo "1996"]
[PlyCount "59"]
[EventDate "2012.??.??"]
[WhiteTeam "SC Rotation Pankow e.V."]
[BlackTeam "Delmenhorster SK V 1931"]

1. e4 c5 2. Nf3 d6 3. Bb5+ Nd7 4. d4 Ngf6 5. e5 Qa5+ 6. Nc3 Ne4 7. Rb1 e6 8.
O-O Nxc3 9. bxc3 Qc7 10. Ng5 h6 11. Qh5 g6 12. Nxe6 fxe6 13. Qxg6+ Kd8 14. Bxd7
Kxd7 15. Qf6 Rh7 16. Qxf8 b6 17. dxc5 Qxc5 18. Rd1 d5 19. Bxh6 Qxc3 20. Qd6+
Ke8 21. Bg5 Bd7 22. Rb3 Qxc2 23. Rc1 Qg6 24. Rf3 Rf7 25. h4 Qg7 26. Rc7 Rxf3
27. gxf3 b5 28. Kh2 Rc8 29. Bh6 Qe7 30. Rxd7 1-0

[Event "11. Lichtenberger Sommer"]
[Site "Berlin"]
[Date "2012.08.21"]
[Round "4.10"]
[White "Brüdigam, Martin"]
[Black "Berndt, Matthias"]
[Result "1-0"]
[WhiteElo "2292"]
[BlackElo "2142"]
[PlyCount "87"]
[EventDate "2012.??.??"]
[WhiteTeam "USV Potsdam e.V., Abt. Schach"]
[BlackTeam "SC Fulda"]

1. e4 e6 2. d4 d5 3. Nd2 dxe4 4. Nxe4 Bd7 5. Nf3 Bc6 6. Ng3 Nd7 7. Bd3 Ngf6 8.
Qe2 Bxf3 9. Qxf3 c6 10. Qe2 Bd6 11. Nf5 Bf8 12. Bf4 Nb6 13. c3 Nbd5 14. Bg3 g6
15. Ne3 Bd6 16. Nc4 Nf4 17. Nxd6+ Qxd6 18. Qf3 N6h5 19. Bc4 Nxg3 20. hxg3 Nd5
21. g4 Qe7 22. g3 O-O-O 23. O-O-O Qg5+ 24. Kb1 f5 25. gxf5 Qxf5+ 26. Qxf5 exf5
27. Rde1 Rd7 28. Re6 Rf8 29. Kc2 Kd8 30. b4 Nf6 31. Rhe1 Ne4 32. b5 Kc7 33.
bxc6 bxc6 34. Re2 Nd6 35. Bd3 f4 36. g4 f3 37. R2e5 Rf4 38. g5 Nf7 39. Ra5 Kb7
40. Kd2 Rg4 41. d5 cxd5 42. Ba6+ Ka8 43. Re8+ Nd8 44. Rc5 1-0

[Event "11. Lichtenberger Sommer"]
[Site "Berlin"]
[Date "2012.08.21"]
[Round "4.12"]
[White "Lauridsen, Jesper Morch"]
[Black "Major, Vitalij"]
[Result "1-0"]
[WhiteElo "2249"]
[BlackElo "2147"]
[PlyCount "68"]
[EventDate "2012.??.??"]
[WhiteTeam "Sydostfyn"]
[BlackTeam "SC Zitadelle Spandau 1977 e.V."]

1. e4 c5 2. d4 cxd4 3. c3 d3 4. Bxd3 d6 5. Nf3 Nf6 6. O-O g6 7. e5 dxe5 8. Nxe5
Nfd7 9. Nf3 Bg7 10. Na3 O-O 11. Be3 Nc6 12. Be4 Nf6 13. Bxc6 bxc6 14. Qa4 Qc7
15. Qh4 Bg4 16. Nd4 c5 17. Nb3 c4 18. Nd2 Be2 19. Rfe1 Bd3 20. Ndxc4 Rfe8 21.
Nd2 Qb7 22. Nb3 a5 23. Rad1 Be4 24. f3 Bd5 25. c4 a4 26. cxd5 axb3 27. axb3
Qxb3 28. Bd4 Ra4 29. d6 e5 30. Qh3 Raa8 31. d7 Red8 32. Bxe5 Ne4 33. Bc7 Qb4
34. fxe4 Bd4+ 1-0

[Event "11. Lichtenberger Sommer"]
[Site "Berlin"]
[Date "2012.08.21"]
[Round "4.17"]
[White "Kapp, Martin"]
[Black "Püschel, Werner"]
[Result "0-1"]
[WhiteElo "2215"]
[BlackElo "2121"]
[PlyCount "66"]
[EventDate "2012.??.??"]
[WhiteTeam "TSV IFA Chemnitz"]
[BlackTeam "SG Lasker Steglitz-Wilmersdorf"]

1. d4 Nf6 2. c4 c5 3. d5 e6 4. Nc3 exd5 5. cxd5 Bd6 6. Nf3 O-O 7. Bg5 h6 8.
Bxf6 Qxf6 9. Ne4 Qe7 10. Qc2 Re8 11. Nxd6 Qxd6 12. e4 Qxd5 13. e5 d6 14. Bc4
Qc6 15. O-O-O dxe5 16. Rhe1 Nd7 17. Qb3 Qf6 18. Bb5 Re7 19. Qa4 Nb6 20. Rd8+
Kh7 21. Qa3 a6 22. Bd3+ Bf5 23. Bxf5+ Qxf5 24. Qd3 e4 25. Qd1 exf3 26. Rxe7
Qg5+ 27. Rd2 Qxe7 28. Qxf3 Re8 29. b3 c4 30. bxc4 Nxc4 31. Rd3 Qe1+ 32. Kc2
Re2+ 33. Kb3 Na5+ 0-1

[Event "11. Lichtenberger Sommer"]
[Site "Berlin"]
[Date "2012.08.21"]
[Round "4.19"]
[White "Lorenz, Sascha"]
[Black "Schmidt, Markus"]
[Result "1-0"]
[WhiteElo "2258"]
[BlackElo "2051"]
[PlyCount "45"]
[EventDate "2012.??.??"]
[WhiteTeam "SK König Tegel 1949 e.V."]
[BlackTeam "SK Turm Bad Hersfeld"]

1. c4 g6 2. g3 Bg7 3. Bg2 d6 4. Nc3 Nf6 5. e4 O-O 6. Nge2 e5 7. O-O Nc6 8. d3
Nh5 9. Be3 f5 10. exf5 gxf5 11. f4 Nf6 12. h3 Kh8 13. Rc1 Be6 14. Nd5 Qd7 15.
Nxf6 Bxf6 16. d4 exd4 17. Nxd4 Rae8 18. Nxe6 Rxe6 19. Bf2 Rfe8 20. Rc2 Qg7 21.
Rd2 Bxb2 22. Bxc6 Bc3 23. Bxe8 1-0

[Event "11. Lichtenberger Sommer"]
[Site "Berlin"]
[Date "2012.08.21"]
[Round "4.20"]
[White "Fischöder, Heiko"]
[Black "Paulsen, Dirk"]
[Result "1-0"]
[WhiteElo "1970"]
[BlackElo "2374"]
[PlyCount "71"]
[EventDate "2012.??.??"]
[WhiteTeam "Schachverein Unser Fritz Wanne-E"]
[BlackTeam "SG Lasker Steglitz-Wilmersdorf"]

1. d4 Nf6 2. c4 c5 3. d5 e6 4. Nc3 exd5 5. cxd5 g6 6. e4 d6 7. f4 Bg7 8. Bb5+
Nbd7 9. e5 dxe5 10. fxe5 Nh5 11. e6 O-O 12. exd7 Qh4+ 13. Kf1 Ng3+ 14. hxg3
Qxh1 15. Be3 Rd8 16. dxc8=Q Raxc8 17. Qg4 a6 18. Be2 f5 19. Qh3 Qxh3 20. Nxh3
Bd4 21. Bg5 Rd7 22. a4 Re8 23. Bc4 Kf7 24. d6+ Kg7 25. Be7 Rexe7 26. dxe7 Rxe7
27. Re1 Rd7 28. Nf4 Kf6 29. Nfd5+ Kg5 30. Re7 Rxe7 31. Nxe7 Kg4 32. a5 Be5 33.
Bg8 Bd6 34. Nc8 Bc7 35. Nb6 h5 36. Ne2 1-0